[Event "NED-ch53"]
[Site "Rotterdam"]
[Date "1998.06.28"]
[Round "7"]
[White "Piket, Jeroen"]
[Black "Reinderman, Dimitri"]
[Result "1-0"]
[WhiteElo "2575"]
[BlackElo "2480"]
[Annotator "Ribli,Z"]
[PlyCount "77"]
[EventDate "1998.06.21"]
[EventType "tourn"]
[EventRounds "11"]
[EventCountry "NED"]
[EventCategory "12"]
[SourceTitle "CBM 066"]
[Source "ChessBase"]
[SourceDate "1998.09.30"]
[SourceVersion "1"]
[SourceVersionDate "1998.09.30"]
[SourceQuality "1"]

1. d4 {Baburin King} d6 2. Nf3 g6 3. c4 Bg7 4. Nc3 Nd7 {Dieser Zug ist passiv
und ich denke, wenn Schwarz die Königsindische Verteidigung (4...Nf6)
vermeiden möchte, wäre die beste Möglichkeit hierzu 4...e5. Ribli.} 5. e4 e5 6.
Be2 Ne7 7. h4 {[%cal Rh4h5] King: A bold idea considering that his king is
still in the middle and the centre is still fluid, but there is no easy way
for Black to exploit White's audacity; well, if he will put his knights on
such passive squares, what can he expect?   If Black had played 6...Ngf6 on
the last turn, transposing to a a normal King's Indian, then h4 would have had
little effect: the pawn wouldn't be able to advance to h5. Ein aggressiver
Versuch. Weiß beginnt damit den sofortigen taktischen Kampf.} (7. d5 O-O 8. h4
$5 {Diese Variante ist für Schwarz gefährlich. Nach 8...f5 ist 9.h5 stark.} Nf6
9. Be3 Ng4 10. Bd2 c6 11. Ng5 h5 12. f3 Nh6 13. Be3 cxd5 14. cxd5 $14) (7. O-O
O-O 8. Re1 Nc6 9. Bg5 f6 10. Be3 h6 11. Qd2 Kh7 12. Rad1 f5 13. exf5 gxf5 14.
dxe5 dxe5 15. g3 $14 {[%csl Rh7][%cal Gd1d8] Und Weiß kontrolliert die
wichtigste Punkten in der Mitte. Horvath,Jo - Claverie,Val Thorens 1998.}) 7...
h6 (7... O-O 8. h5 exd4 9. Nxd4 Nc6 10. Be3 Nxd4 11. Bxd4 Bxd4 12. Qxd4 Qf6 13.
Qd2 Nb6 14. b3 Be6 15. f4 Rad8 16. O-O-O Nd7 17. g4 {1-0 Petran,P-Kincs,I/
Balatonbereny op 1993 (47)}) (7... h5 8. d5 (8. Be3 {Baburin} c6 9. Qd2 O-O 10.
Ng5 Re8 11. O-O-O Qa5 12. f4 {White was better in the game Cramling-Hort,
Prague 1995.}) 8... a5 9. a3 Nf6 10. Ng5 Bd7 11. b3 O-O 12. Rb1 Nc8 13. b4 axb4
14. axb4 c6 15. O-O cxd5 16. Nxd5 Nxd5 17. cxd5 b5 18. Bxh5 $40 {Rogozenko,
D-Badea,B/Cupa Dinamo 1998/1-0 (53)}) (7... exd4 8. Nxd4 Nc6 9. Bg5 (9. Be3 {
King} h5 10. Qd2 $14) (9. Nxc6 bxc6 10. h5 Nc5 $132) 9... Bf6 (9... Nf6 10. Nd5
h6 11. Bxf6 Bxf6 12. Nb5 O-O 13. Nxf6+ Qxf6 14. Nxc7 Rb8 15. Qd2 h5 16. Nd5 Qe5
17. f4 Qg7 18. O-O-O {1-0 Gheorghiu,F-Hertzog,P/Bad Woerishofen 1988 (31)}) 10.
Nd5 Bxg5 11. hxg5 Ne7 (11... O-O 12. Nb5 Qxg5 13. Qc1 Qxc1+ 14. Rxc1 Nc5 15.
Nbxc7 Rb8 16. Nf6+ Kg7 17. Nce8+ {1-0 Garcia Palermo,C-Carruez Berges,S/
Zaragoza 1993}) 12. Qd2 Nxd5 13. exd5 Nc5 14. b4 Na4 15. Qf4 Qe7 16. Kd2 Qe5
17. Qxe5+ dxe5 18. Nb5 Kd8 19. Bd1 Nb6 20. Bb3 a6 21. Nc3 {1/2-1/2 Atalik,
S-Gelashvili,T/ch-GRE (team), Poros GRE 1998 (43)}) ({King: Unfortunately} 7...
Nf6 {(which ought to be the answer to Black's problems) is met by} 8. dxe5 {
winning a pawn.}) 8. g4 $5 $146 {Baburin: This is a new move and a radical
attempt to attack on the kingside; White previously favoured 8 h5 here. Das
ist ein typischer positioneller Sturm. Weiß spielt nicht auf sofortigen
Mattangriff, sondern möchte den Königsflügel schließen.} (8. d5 f5 $13) ({
Baburin: More solid is} 8. Be3 {which after} f5 9. dxe5 dxe5 10. g3 b6 11. h5
g5 12. exf5 Nxf5 13. Qd5 Nxe3 14. fxe3 Rb8 15. O-O-O {led to White's advantage
in the game Petursson-Zilberman, Gausdal 1995.}) 8... O-O (8... exd4 9. Nxd4
Nc6 10. Be3 $14 (10. Nxc6 bxc6 {[%csl Yd4][%cal Gg7a1,Ga8b8,Gb8b1]})) 9. g5 h5
(9... hxg5 10. Bxg5 $36 {[%csl Rg8][%cal Rh4h5]} (10. hxg5 {[%cal Gh1h8]} exd4
11. Nxd4 Nc6)) 10. d5 $14 {King: With the kingside safely blocked, White can
close the centre and look forward to a pleasant squeeze on the queenside: Be3,
Rc1, b4, and c5. Weiß hat Raumvorteil im Zentrum und am Königsflügel. Sein
Standardplan ist in solchen Stellungen die lange Rochade und nach Vorbereitung
der Durchbruch am Damenflügel, während Schwarz über kein Gegenspiel am
Königsflügel verfügt.} f5 {King: Black has other ideas, though I think this
makes his situation even worse. It was possible to time the move a little
better, for instance, if White becomes too engrossed in his attack on the
queenside. Baburin: Black is more or less forced to play this, as otherwise
White will simply continue with Be3, Qd2, 0-0-0, Kb1 and will seek play on the
queenside.} 11. gxf6 Nxf6 12. Ng5 {[%csl Re7,Gg5] King: The knight paralyses
Black's kingside, and there is always the possibility of the steed hopping
into e6 for Black to consider. Baburin: White has a clear advantage, thanks to
the excellent position of his knight on g5. Meanwhile, Black's pieces are
awkwardly placed. Weiß hat einen guten Vorposten für den Springer. Am
Königsflügel ist alles geschlossen, während Weiß am Damenflügel die Initiative
übernimmt.} Kh8 (12... Ng4 13. f3 $14) 13. Rg1 $1 {[%cal Gg1g8] Es ist der
Weiße, der über Angriffschancen am Königsflügel verfügt.} Neg8 14. Qd3 {
[%cal Gd3g3,Gg1g8]} a6 15. Qg3 {King: Pleasantly direct. Möglicherweise möchte
Weiß früher oder später f2-f4 spielen.} Qe8 16. Bd2 Nh7 $2 {King: Black can't
wait any longer and prefers to ditch a couple of pawns for a little security.
If he had been more patient, then White could have castled on the queenside,
then tripled on the g-file preparing Ne6, f4 and carnage. Es ist für Schwarz
nicht leicht, Gegenspiel zu organisieren. Die Partiefortsetzung verliert
bereits einen Bauern.} (16... Bd7 $5 17. O-O-O b5) (16... Nh6 17. O-O-O $14)
17. Nxh7 Kxh7 18. Bxh5 $16 {[%csl Rg6][%cal Gg1g7]} Ne7 (18... gxh5 $4 19.
Qxg7#) 19. Be2 {[%csl Rh7][%cal Rh4h5] Neben dem Mehrbauern bietet die
Stellung dem Weißen auch Angriffschancen am Königsflügel.} Qf7 20. h5 (20. Be3
$16) 20... g5 $8 {Einen zweiten Bauern zu geben, ist hier die einzige Chance
für Schwarz.} (20... gxh5 21. Bxh5 $18 Qf6 (21... Qg8 22. Bg6+ Kh8 23. Rh1+ {
[%cal Rh1h8]}) 22. Bg5 {[%csl Rf6]}) 21. Bxg5 Bf6 {Es ist interessant, Weiß
hat schon zwei Bauern mehr, aber Schwarz kann sich noch verteidigen, denn es
wäre nicht logisch für Weiß, f2-f4 zu spielen, während der h-Bauer keine
konkrete Gefahr für Schwarz darstellt.} 22. Qe3 $6 {Ich glaube, es wäre besser.
die schwarzfeldrigen Läufer auf dem Brett zu behalten.} (22. Be3 Rg8 23. Qh2
$16) 22... Bxg5 23. Rxg5 {[%csl Rf2,Yf4]} Bd7 24. c5 {Weiß folgt wieder seiner
Hauptstrategie, dem Spiel am Damenflügel.} Qf4 {[%csl Gf4]} 25. Qxf4 Rxf4 26.
Rc1 (26. cxd6 {King} cxd6 27. Rc1 Kh6 28. Rg2 Be8 29. Kd2) 26... Kh6 {[%csl
Rg5] Schwarz hat nichts Konkretes, aber es ist nicht so leicht für Weiß,
seinen Vorteil zu verwerten.} 27. Rg1 (27. Rg2 $5) 27... dxc5 {[%csl Rc5,Rc7]}
(27... Raf8 28. cxd6 cxd6 29. Rg2 $16) 28. f3 {Weiß hat jetzt neue
Angriffsobjekte, die schwarzen Bauern in der c-Linie. Nimmt Schwarz allerdings
den Bauern auf h5, so verliert sein König seinen besten Verteidiger.} Be8 29.
Nd1 {[%csl Rc5,Rc7][%cal Rc1c7,Gd1e3]} Bxh5 30. Rxc5 {[%csl Gc5,Rc7] Weiß hat
jetzt nur noch einen Bauern mehr, aber Schwarz hat Schwächen; die Bauern auf
c7 und e5.} c6 (30... Rc8 31. Ne3 Bxf3 32. Bxf3 {Weiß ist zufrieden. Er wird
den schlechten Läufer los.} (32. d6 cxd6 (32... Rxe4 $13) 33. Nf5+ $13) 32...
Rxf3 33. Ng4+ {[%csl Rh6]} Kh5 34. Rc2 $16 {[%csl Gc2,Gg1,Gg4,Rh5][%cal Rc2h2]}
) 31. Ne3 {[%csl Ge3,Rh6]} cxd5 (31... Bxf3 32. Bxf3 (32. d6 {[%csl Ge5,Rh6]}
Rxe4 33. Bxf3 Rxe3+ 34. Kf2 {[%csl Re3]} Nf5 35. Bg4 $13) 32... Rxf3 33. Ng4+
Kh5 34. d6 {[%cal Gc5h5]} Ng6 35. Nxe5 Nxe5 36. Rxe5+ $16) 32. Rc7 $36 {
[%csl Gc7,Ge3,Re7,Rh6] Materiell ist die Stellung gleich, aber Weiß fährt
einen gefährlichen Angriff.} Re8 33. exd5 (33. Rxe7 Rxe7 34. Nxd5 Ref7 35. Nxf4
Rxf4 $14 {Weiß hat einen Bauern mehr, aber Schwarz entfaltet positionellen
Druck und das reduzierte Material schafft dem Weißen Probleme bei der
Verwertung seines Vorteils.}) 33... e4 {[%cal Ge8e1] Schwarz verwickelt die
Lage.} (33... Bxf3 34. Bxf3 Rxf3 35. Ng4+ (35. Ke2 $4 Rxe3+ 36. Kxe3 Nxd5+ $19
{[%cal Rd5e3,Rd5c7]}) 35... Kh5 36. d6 $18 {[%csl Gc7,Gd6,Gg1,Gg4,Rh5]}) 34.
Kf2 $6 (34. Rc4 $5 {[%cal Gc4f4]} Bxf3 35. Bxf3 Rxf3 36. Rxe4 {[%csl Ge3,Ge4,
Re7,Re8,Gg1,Rh6]}) (34. d6 exf3 $13) 34... Ng6 (34... Bxf3 35. Rxb7 {[%csl Rh6]
[%cal Gb7b6,Gb6h6]} (35. Bxf3 $2 Rxf3+ 36. Ke2 Rxe3+ 37. Kxe3 Nxd5+ {[%cal
Rd5e3,Rd5c7]}) 35... Bxe2+ 36. Kxe2) 35. Rxb7 exf3 (35... Bxf3 36. Rb6 {
[%csl Gb6,Gg1,Rg6,Rh6]} Bh5+ 37. Ke1 $16) 36. Bd3 $18 {[%csl Gf2,Rh6] Weiß
besitzt nur einen Mehrbauern, aber der Unterschied liegt in der Lage der
beiden Könige. Während der weiße König ausgezeichnet auf f2 steht, ist sein
Gegenüber in großer Not.} Rxe3 {Schwarz muß sich gegen 37.Nf5+ verteidigen.}
37. Kxe3 f2 38. Rxg6+ $5 {Elegant bis zum Ende.} (38. Rf1 Rf3+ 39. Kd4 $18) (
38. Rh1 $18) 38... Bxg6 39. Rb6 {[%csl Rg6] Schwarz verliert viel Material und
gibt angesichts dessen auf.} (39. Rb6 f1=Q (39... Rg4 40. Kxf2 $18) 40. Rxg6+
Kh5 41. Bxf1 Rxf1 (41... Kxg6 42. Kxf4 $18) 42. Rxa6 $18) 1-0

[Event "American Continental 2nd"]
[Site "Buenos Aires"]
[Date "2003.08.26"]
[Round "8"]
[White "Scarella, Enrique Alejandro"]
[Black "Roselli Mailhe, Bernardo"]
[Result "1-0"]
[WhiteElo "2374"]
[BlackElo "2440"]
[Annotator "Ribli,Z"]
[PlyCount "91"]
[EventDate "2003.08.17"]
[EventType "swiss"]
[EventRounds "11"]
[EventCountry "ARG"]
[SourceTitle "CBM 097"]
[Source "ChessBase"]
[SourceDate "2003.11.11"]
[SourceVersion "1"]
[SourceVersionDate "2003.11.11"]
[SourceQuality "1"]

1. Nf3 d6 2. d4 g6 3. c4 Bg7 4. Nc3 Nd7 5. g3 e5 6. Bg2 Ne7 {Dieser
Springerzug hat selbständige Bedeutung, nach 6...Ngf6 können wir die
g3-Variante der Königsindischen Verteidigung erreichen.} 7. e4 O-O 8. O-O h6 {
Dieser Zug wird selten gespielt, die Alternative 7.exd4 ist populärer.} (8...
exd4 9. Nxd4 Nc6) 9. Re1 (9. Be3) 9... f5 {Das ist die Hauptidee des Zuges 6...
Ne7, Schwarz kann ohne besondere Vorbereitung f7-f5 spielen.} 10. dxe5 dxe5 (
10... Nxe5 11. Nxe5 dxe5 12. Be3 $14) 11. Nd5 (11. Be3 $5 f4 12. gxf4 exf4 13.
Bd4 Nc6 14. Bxg7 Kxg7 15. e5 $14) 11... f4 (11... c6 $5 12. Nxe7+ Qxe7 13. exf5
gxf5 14. Bf4 e4 15. Bd6 Qf6 16. Bxf8 Nxf8 17. Nh4 Qxb2 $44) 12. gxf4 c6 13.
fxe5 $13 Nxe5 (13... cxd5 14. exd5 $44 {[%csl Gd5,Ge5]}) 14. Nxe5 Bxe5 {
Schwarz hat zwar die bessere Bauernstruktur, aber Weiß hat gute taktische
Chancen.} 15. Bxh6 (15. Nb4 $5 {[%cal Gb4d3]}) 15... cxd5 16. exd5 Rf5 (16...
Bg7 17. Bxg7 (17. Bg5 Bf6 18. Bxf6 Rxf6 19. c5 $36) 17... Kxg7 18. Qd4+ Kg8 19.
c5 Nf5 20. Qe5 $36) 17. Rxe5 $1 {[%mdl 64] Weiß opfert eine Qualität und
möchte im folgenden die geschwächten dunklen Felder am schwarzen Königsflügel
ausnutzen} Rxe5 18. Qd4 {[%csl Gd4,Re5][%cal Gd4g7]} Nf5 (18... Nc6 $2 19. Qc3
$18) (18... Kh7 19. Qxe5 Kxh6 20. Re1 Nf5 21. c5 $36) 19. Qxe5 Nxh6 20. Re1 $36
{Weiß hat drei Bauern für die Figur und eine aktive Figurenstellung. Die
weißen c- und d-Bauern sind besonders gefährlich.} Kf8 21. c5 (21. Qh8+ Ng8 22.
c5 $36) 21... Nf7 22. Qe3 (22. Qd4) 22... Bf5 23. d6 {[%csl Gc5,Gd6][%cal
Gg2a8]} Rb8 24. Bd5 Qg5+ {Es ist notwendig für Schwarz die Damen zu tauschen.}
25. Qxg5 Nxg5 26. Re7 Re8 (26... b6 $2 27. c6 Rd8 28. Re5 $1 Rxd6 29. Rxf5+
gxf5 30. c7 $18) 27. Rxe8+ (27. Rxb7 $2 Nh3+ 28. Kf1 Bd3+ 29. Kg2 Nf4+ 30. Kg3
Nxd5 31. c6 Bf5 32. d7 Rd8 33. Rxa7 Ne7 $19) 27... Kxe8 28. Bxb7 $14 {[%mdl
4096] Weiß hat schon vier Bauern für den Springer, aber Schwarz kann die
weißen Bauern blockieren.} Kd7 29. f3 $2 {Weiß möchte 29...Be4 verhindern,
aber dieser Zug ist zu langsam und es wäre viel besser, stattdessen die
Bauernmehrheit am Damenflügel zu mobilisieren.} (29. b4 Be4 30. Bxe4 Nxe4 31.
Kg2 Nc3 32. a3 Nb5 33. a4 Nc3 34. Kf3 Nxa4 35. Kf4 $16) 29... a5 $1 $17 {
[%csl Ga5,Rc5]} 30. a3 a4 {[%csl Ga4] Der a4P paralysiert den weißen
Damenflügel.} 31. Bd5 Be6 $6 (31... Ne6 $1 32. b4 (32. Bxe6+ Kxe6 33. Kf2 Kd5
$19) 32... axb3 33. Bxb3 Nxc5 34. Bc4 Kxd6 $17) 32. Bb7 Bf5 33. Bd5 Bc2 $6 {
Schwarz ist nicht zufrieden mit der Zugwiederholung, aber dieser Läuferzug ist
falsch. Der Läufer steht nicht gut auf c2, es wäre besser ihn auf der
Diagonalen c8-h3 zu belassen.} (33... Ne6 $1) 34. Kf2 $132 {[%csl Rc2][%cal
Gf2e3,Ge3d4]} Ne6 35. Bxe6+ Kxe6 36. Ke3 Kd7 {Wäre der Läufer statt auf c2 z.B.
auf f5, könnte Schwarz jetzt 36...Kd5 spielen.} 37. Kd4 Kc6 38. Kc4 (38. Ke5
Bf5) 38... Bb3+ 39. Kd4 Ba2 $2 {Der Läufer richtet auf a2 nichts aus.} (39...
Bc2) 40. Ke5 $16 {[%csl Ra2]} Bb1 41. f4 Kd7 (41... Bf5 42. h4 $16) 42. h4 Kc6
(42... Bc2 43. f5 gxf5 44. c6+ Kxc6 45. Ke6 $18) 43. f5 $1 $18 Bxf5 (43... gxf5
44. Ke6 $18 {[%cal Gd6d7,Gd7d8]}) 44. h5 {[%csl Gh5][%cal Gh5h6,Gh6h7]} Bd3 (
44... Kxc5 45. h6 $18) 45. h6 g5 46. Ke6 1-0

[Event "Bundesliga 0506"]
[Site "Germany"]
[Date "2005.11.13"]
[Round "4.7"]
[White "Rogozenco, Dorian"]
[Black "Lau, Ralf"]
[Result "1/2-1/2"]
[WhiteElo "2526"]
[BlackElo "2467"]
[Annotator "Rogozenco,D"]
[PlyCount "31"]
[EventDate "2005.10.21"]
[EventType "team-tourn"]
[EventRounds "15"]
[EventCountry "GER"]
[SourceTitle "CBM 110"]
[Source "ChessBase"]
[SourceDate "2006.01.31"]
[SourceVersion "1"]
[SourceVersionDate "2006.01.31"]
[SourceQuality "1"]
[WhiteTeam "Hamburger SK"]
[BlackTeam "Kreuzberg"]
[WhiteTeamCountry "GER"]
[BlackTeamCountry "GER"]

1. d4 g6 2. c4 Bg7 3. Nf3 d6 4. Nc3 Nd7 5. e4 e6 $5 {If Black is not wishing
to develop the knight on f6, then this continuation represents an interesting
option.} (5... e5 6. Be2 Ne7 7. h4 $1 $14 {Now after} h6 {White has a pleasant
choice between:} 8. g4 $5 (8. d5) (8. Be3 f5 (8... O-O 9. Qd2 Kh7 10. O-O-O $16
{1-0 Sosonko,G (2545)-Ljubojevic,L (2620)/Brussels 1987 (36)}) (8... Nc6 9. d5
Ne7 10. h5 g5 11. g4 a5 12. Nd2 $16 {1-0 Rowson,J (2512)-Rat,D (2318)/
Stockholm 2002 (45)}) (8... exd4 9. Nxd4 Nf6 (9... Nc6 10. h5 g5 11. Qd2 $16 {
1-0 Dautov,R (2495)-Bakalar,P/Halle 1987 (36)}) 10. Qd2 Ng4 11. Bxg4 Bxg4 12.
f3 Bd7 13. O-O-O Qc8 14. g4 h5 15. gxh5 Rxh5 16. Nde2 Be6 17. Nf4 Rh7 18. h5
$16 {1-0 Sundararajan,K (2484)-Popchev,M (2476)/Olomouc 2005 (28)}) 9. dxe5
dxe5 10. g3 $14) (8. h5 g5 $14) 8... O-O $6 (8... Nf6) 9. g5 h5 10. d5 f5 11.
gxf6 Nxf6 12. Ng5 Kh8 13. Rg1 $16 {Piket,J (2575)-Reinderman,D (2480)/Ned-(ch)
1998}) 6. Be2 Ne7 7. h4 {Playing in the same style as after 5...e5 6.Be2 Ne7 
(see above) is proably less justified here.} (7. Be3 $14) ({or} 7. O-O O-O 8.
Be3 $14 (8. Re1 b6 9. Bf4 (9. Bf1 h6 10. Bd2 g5 11. h3 Bb7 12. d5 Ng6 13. Qc2
c6 14. Rad1 Rc8 15. dxe6 fxe6 16. Ne2 Qe7 17. Bc3 Nde5 18. Nxe5 Nxe5 19. Ng3 c5
$13 {0-1 Zhu Chen (2497)-Khurtsidze,N (2425)/Moscow 2001 (53)}) 9... Bb7 10.
Qd2 e5 11. Bh6 Nc6 12. Rad1 Nxd4 13. Nxd4 Bxh6 14. Qxh6 exd4 15. Rxd4 Qf6 16.
Red1 Rfe8 17. Nd5 Bxd5 18. cxd5 Nc5 19. f3 a5 20. b3 Re5 21. Bb5 Rh5 22. Qd2
Rf8 23. Qf2 Re5 24. Qc2 Qf4 25. Qc1 Qxc1 26. Rxc1 f5 27. exf5 Rfxf5 28. Bc4 Kg7
29. Kf2 b5 30. Bxb5 Rxd5 31. Rxd5 Rxd5 32. Rc2 Kf6 33. Be2 Ne6 34. Bc4 Rc5 35.
Rd2 Re5 36. g3 Nc5 37. Bd5 Nd7 38. f4 Re7 39. Bc6 Nc5 40. Rd4 h6 41. h4 {
1/2-1/2 Sosonko,G (2585)-Feustel,B (2375)/Germany 1981})) 7... h6 {Now the
advance of White's h-pawn is less attracive, since thanks to the pawn on e6 
(instead of e5) square f5 is not weak.} 8. g4 $146 {It is not clear if such
aggressive play is justified. At least I failed to underline the drawbacks in
opponent's position.} (8. Be3 f5 (8... a6 9. Qd2 Nf6 10. Nh2 d5 11. e5 Nfg8 12.
cxd5 exd5 13. g4 $16 {1-0 Onischuk,A (2375)-Haub,T (2270)/Erfurt 1992 (42)}) (
8... b6 9. Qd2 Bb7 10. d5 e5 11. h5 g5 12. g4 $16 {1-0 Sher,M (2450)-Haub,T 
(2315)/Dortmund 1991 (70)}) 9. exf5 (9. Qd2 $5) (9. Qc2 $5) 9... Nxf5 10. Qc2
Nf6 11. Nd2 O-O 12. g4 Nxe3 13. fxe3 e5 14. Qxg6 exd4 15. exd4 Qe8 16. Qxe8
Rxe8 17. g5 Nh5 18. Nb3 hxg5 19. hxg5 Ng3 20. Rg1 Nxe2 21. Nxe2 a5 $44 {
0-1 Skalik,P (2409)-Markowski,T (2557)/Suwalki 1999 (40)}) (8. h5 g5 9. d5 $5
O-O $13) 8... a6 9. g5 hxg5 10. Nxg5 {[%cal Gh4h5]} Nf6 11. Be3 (11. h5 gxh5
12. Bxh5 Ng6 $13) 11... Bd7 $1 (11... Nh5 12. Bxh5 (12. Qb3 $14 {[%cal Ge1c1]})
12... Rxh5 (12... gxh5 13. Qf3 f6 14. Nh3 e5 15. dxe5 $16) 13. Qf3 f6 14. Nh3
Rxh4 15. O-O-O $44) 12. Qd2 Nh5 13. Bxh5 (13. O-O-O b5 $13) 13... Rxh5 (13...
gxh5 14. O-O-O Ng6 15. f4 $1 Qe7 16. f5 $1 exf5 17. Nd5 Qd8 18. exf5 Bxf5 19.
Nxf7 Kxf7 20. Rdf1 Qd7 21. Qd3 $18) 14. Ne2 Rh8 15. d5 (15. O-O-O $142 b5 $13 (
15... d5 $5)) 15... e5 $1 16. f4 {We spent a lot of time already and
considering that this was played in a team competition, I offered a draw in
order to avoid the nervous play in time-trouble. The position was difficult to
evaluate even in the post-mortem analysis. I think Black has at least equal
chances.} (16. f4 f6 (16... Bg4 17. O-O-O $36) 17. fxe5 $5 (17. Nh3 Rxh4 $17) (
{After} 17. Nf3 Bg4 $1 18. Rf1 Bxf3 19. Rxf3 Rxh4 20. O-O-O Qd7 {White
probably does not have sufficient compensation for the pawn.}) (17. Ne6 Bxe6
18. dxe6 Qc8 $13) 17... dxe5 $1 (17... fxg5 18. e6 Bxe6 19. dxe6 Qc8 20. Bd4
$36) 18. Nf3 Bg4 $13) 1/2-1/2